| 000 | | | 03784nmc2a22002533x 450 |
| 001 | | | b04d1c4b-756f-4a78-a01b-c64d2dd933d5 |
| 005 | | | 20250621103221.0 |
| 100 | ## | $a | 20241203l18381838k l0rusy0189 ca |
| 101 | 0# | $a | rus |
| | $a | pol |
| 102 | ## | $a | RU |
| 105 | ## | $a | a### |
| 122 | 2# | $a | d |
| 200 | 1# | $a | Дело по жалобе настоятельницы Слуцкого девичьего монастыря Дарьи Михайловской на директора Слуцкой гимназии Андриевского |
| | $j | 20 апреля - 12 июля 1838 г. |
| 215 | ## | $a | 25 л. |
| | $c | ил. |
| | $d | 36,5х26 см |
| 251 | ## | $c | Дело |
| 300 | ## | $a | На обложке указано: "№1076" |
| 300 | ## | $a | На русском и польском языках |
| 371 | ## | $a | Документ не является опубликованным и широко распространяемым |
| 461 | #0 | $1 | 0012b5b8419-5ce4-4d16-a7a3-85720a295f1f |
| | $1 | 2001 |
| | $a | Канцелярия министра народного просвещения |
| | $1 | 251 |
| | $c | Фонд |
| | $1 | 852 |
| | $j | 735 |
| 462 | #0 | $1 | 001562cc287-b13c-4f02-8029-f81535ba1e2e |
| | $1 | 2001 |
| | $a | Канцелярия министра народного просвещения |
| | $1 | 251 |
| | $c | Опись |
| | $1 | 852 |
| | $j | 2 |
| 801 | #0 | $a | RU |
| | $b | РГИА |
| | $c | 20241203 |
| | $g | RCR |
| 801 | #1 | $a | RU |
| | $b | ГлавНИВЦ |
| | $c | 20241203 |
| | $2 | rusmarc |
| 801 | #2 | $a | RU |
| | $b | ПБ им. Б.Н. Ельцина |
| | $c | 20250621 |
| | $g | RCR |
| | $2 | rusmarc |
| 850 | ## | $a | РГИА |
| 852 | ## | $a | РГИА |
| | $e | Федеральное казенное учреждение "Российский государственный исторический архив" (РГИА) |
| | $j | 26 |
| 937 | ## | $h | РГИА |
| | $d | 12420703 |
| | $a | ASBIBLIO_SCAN |
| 035 | ## | $a | RusGRCC00083048 |
| 856 | ## | $u | http://readingroom.main.prlib.ru/item.aspx?id_node=n196837556&mode=full |